00340nam a2200121Ia 4500008004100000041000800041082001200049100002400061245004500085260005800130300002300188365000700211240624s9999 xx 000 0 und d aeng a828 MUK aMUKERJEE RADHAKAMAL aASTAVAKRA GITA THE SONG OF THE SELF SUPR c2009aDelhibMotilal Banarsidass Publishers Pvt. Ltd. a199 : p. : cm ; 24 cRS